Insight guides : Ecuador & Galapagos.
| Format: | Book |
|---|---|
| Published: |
London:
APA Publications,
2013.
|
| Subjects: |
| LEADER | 00432cam a2200145 7i4500 | ||
|---|---|---|---|
| 001 | 0000031442 | ||
| 005 | 20141119090000.0 | ||
| 020 | 0 | 0 | |a 9781780051574 |
| 090 | 0 | 0 | |a ECUA 910.202 |b INS |
| 245 | 0 | 0 | |a Insight guides : |b Ecuador & Galapagos. |
| 260 | 0 | 0 | |a London: |b APA Publications, |c 2013. |
| 300 | # | # | |a 348 p. |
| 651 | 0 | 0 | |a Ecuador -- |x Guidebooks |
| 651 | 0 | 0 | |a Galapagos -- |x Guidebooks |
| 999 | |a B000034759 |b Book |c Countries |e Business Information Centre | ||


